Expressions anglaises : VIII.4. Meteorology and space - Statistiques

Statistiques générales
  • Ce quiz a été pris 23 fois
  • Le résultat moyen est 37 sur 54
Statistiques - réponses
Hint Réponse % Correct
high / low temperatures des hautes / basses températures
90%
high pressure haute pression
90%
the Milky Way la Voie Lactée
90%
the big bang le big-bang
90%
weather conditions les conditions météorologiques
90%
interstellar space l’espace intersidéral
90%
a space laboratory, a skylab un laboratoire spatial
90%
a U.F.O. (Unidentified Flying Object) un OVNI
90%
a space program un programme spatial
90%
a force 8 gale un vent de force 8
90%
an easterly / westerly wind un vent d’est / d’ouest
90%
low pressure basse pression
80%
little green men des petits hommes verts
80%
the Great Bear, the Plough la Grande Ourse, la Petite Ourse
80%
the solar system le système solaire
80%
to rain heavily pleuvoir fortement
80%
to go into orbit se mettre en orbite
80%
a weather report un bulletin météorologique
80%
a lunar eclipse une éclipse de lune
80%
a solar eclipse une éclipse solaire
80%
a black hole un trou noir
80%
hard packed snow de la neige tassée
70%
sunny periods des périodes ensoleillées
70%
sub-zero temperatures des températures au-dessous de zéro
70%
struck by lightning foudroyé
70%
the Lesser Bear la Petite Ourse
70%
the mean temperature la température moyenne
70%
the space age l’ère spatiale
70%
to reach for the stars partir à la conquête de l’espace
70%
a celestial body un astre
70%
a harsh climate un climat rude
70%
a shooting star une étoile filante
70%
a flying saucer une soucoupe volante
70%
an observation satellite un satellite d’observation
70%
below freezing point en dessous de zéro
60%
black ice le verglas
60%
to get wet se faire mouiller
60%
to get soaked se faire tremper
60%
soaked to the skin trempé jusqu’aux os
60%
a snow report un avis d’enneigement
60%
a heat shield un bouclier thermique
60%
a gust of wind un coup de vent, une bourrasque
60%
a launch pad une aire de lancement
60%
a flash of lightning un éclair
60%
a heavy shower une forte averse
60%
a gale warning un avis de tempête
50%
bright intervals de belles éclaircies
40%
to be pouring with rain pleuvoir à verse
40%
a splash down un amerrissage
40%
a peal / clap of thunder un coup de tonnerre
40%
a heatwave une vague de chaleur
40%
a sunny spell une période ensoleillée
30%
a lightning conductor un paratonnerre
30%
a bright / sunny interval une éclaircie
20%
Aucun quiz correspondant
Distribution des résultats
% des personnes avec chaque résultat
Percentile par nombre de réponses
Votre historique - résultats
Vous n’avez pas pris ce quiz